Disney Movie By Lyrics Quiz Stats

 Plays Quiz not verified by Sporcle

Challenge
Share
Tweet
Embed
Score 0/27 Timer 15:00
0 Plays Today
Lyrics Movie % Correct
There's no man in town as admired as you/You're everyone's favorite guyBeauty and the Beast
92.6%
Gotta eat to live, gotta steal to eat/Otherwise we'd get alongAladdin
90.4%
Men want girls with good taste, calm, obedient/Who work fast-pacedMulan
75.6%
Good luck will rub off when I shake 'ands with you/Or blow me a kiss/And that's lucky too Mary Poppins
71.9%
They always keep her hopping/She goes around in circles/Till she's very, very dizzyCinderella
68.1%
Destroy their evil race/Until there's not a trace leftPocahontas
66.7%
I who keep you, teach you, feed you, dress you/I who look upon you without fearThe Hunchback of Notre Dame
65.2%
It's she who holds her tongue who gets her manThe Little Mermaid
62.2%
Of course, quid pro quo, you're expected/To take certain duties on boardThe Lion King
60.7%
I could stand the sight of worms/And look at microscopic germs/But technicolor pachyderms/Are really much for meDumbo
60.7%
You could clown around forever/Neither one of you sees, your natural boundariesThe Fox and the Hound
59.3%
Now we lookin' over our new domicile/If we like we stay for maybe quite a whileLady and the Tramp
58.5%
Ho hum the tune is dumb/The words don't mean a thingSnow White and the Seven Dwarfs
54.8%
I'd given up hope that someone would come along/A fellow who'd ring the bell for once/Not the gongHercules
53.3%
Lyrics Movie % Correct
When there's a smile in your heart/There's no better time to startPeter Pan
53.3%
In learning you will teach/And in teaching you will learn/You'll find your place beside the ones you love Tarzan
51.9%
If you're faithful to your daily practicing/You will find you progress is encouragingThe Aristocats
49.6%
Because he'll wear your favorite color/Just so he can match your eyesEnchanted
48.1%
I'm just floating around/Over the ground/Wonderin' where I will drip The Many Adventures of Winnie-the-Pooh
46.7%
Let him run/Let him live/But do not forget/What we cannot forgiveThe Lion King 2: Simba's Pride
37%
All in all, I'd rather have detention/All in all, I'd rather eat a toadA Goofy Movie
35.6%
Heads held high, touch the sky/You mean everything to meRescuers
31.1%
When you set aside your childhood heroes/And your dreams are lost up on a shelfBedknobs and Broomsticks
28.9%
Forward, backward, inward, outward/Come and join the chase!Alice in Wonderland
26.7%
When the sky is cloudy/Your pretty music/Can brighten the dayBambi
18.5%
Don't cross a bridge/Or peek around the corner/Until you're thereFun and Fancy Free
14.8%
Don't be a mediocrity/Don't just wait and trust to fate/And say, that's how it's meant to beThe Sword in the Stone
14.1%

You're not logged in!

Compare scores with friends on all Sporcle quizzes.
OR
Log In

You Might Also Like...

Show Comments

Extras

Top Quizzes Today


Score Distribution

Your Account Isn't Verified!

In order to create a playlist on Sporcle, you need to verify the email address you used during registration. Go to your Sporcle Settings to finish the process.

Report this User

Report this user for behavior that violates our Community Guidelines.

Details: